Statistics for Countries with the Most Bird Species

Click here to take the quiz!

General Stats

  • This quiz has been taken 19 times
  • The average score is 11 of 15

Answer Stats

SpeciesCountry% Correct
1,813Brazil
100%
1,394Venezuela
93%
1,878Colombia
87%
1,211India
87%
1,858Peru
87%
1,004Argentina
80%
1,288China
80%
1,622Ecuador
80%
1,711Indonesia
80%
1,438Bolivia
73%
1,058Kenya
60%
1,075Tanzania
60%
1,107Demo. Rep. of Congo
47%
999Uganda
47%
1,031Myanmar
33%

Score Distribution

Percentile by Number Answered

Percent of People with Each Score

Your Score History

You have not taken this quiz